Jump Then Fall (TV) - Taylor Swift (All Lyrics) - Statistics

General Stats
  • This quiz has been taken 169 times
  • The average score is 345 of 382
Answer Stats
Lyrics % Correct
I
100%
in
100%
the
100%
The
100%
fall
99%
fall,
99%
jump,
99%
Jump,
99%
like
99%
me
99%
me,
99%
then
99%
way
99%
you
99%
you,
99%
You
99%
into
97%
to
97%
a
96%
afraid
95%
afraid,
95%
baby
95%
Baby,
95%
be
95%
Don't
95%
Say
95%
say
95%
So,
95%
so
95%
"We
95%
'Cause
93%
hear
93%
I'm
93%
oh,
93%
oh
93%
that
93%
When
93%
when
93%
with
93%
your
93%
and
92%
And
92%
ever
92%
Every
92%
every
92%
for
92%
gonna
92%
I'll
92%
is
92%
is,
92%
it
92%
smile,
92%
smile
92%
time
92%
too
92%
all
91%
never
91%
on
91%
wanna
91%
can
89%
We're
89%
you're
89%
shine,
88%
shine
88%
sound
88%
but
87%
But
87%
have
87%
mornin'
87%
through
87%
can't
86%
heard
86%
leave
86%
my
86%
didn't
84%
should
84%
Woah
84%
feelin'
83%
hair
83%
laugh
83%
think
83%
together"
83%
best
82%
face
82%
face,
82%
love
82%
without
82%
warnin'
80%
I've
79%
need
79%
notice
79%
"Come
78%
come
78%
catch
76%
falls
76%
phone
76%
yeah
76%
could
75%
hold
75%
keep
75%
out
75%
realize
75%
stay
75%
everything
74%
talk,
74%
wanted
74%
been
72%
got
72%
knees
72%
watch
72%
freckle
71%
mad
71%
up,
71%
focus
70%
from
70%
had
70%
our
70%
each
68%
here
68%
night
68%
Take
68%
cry
67%
I'ma
67%
feet
66%
over
66%
things
66%
bring
64%
honey
64%
under
64%
keys
63%
people
63%
words,
63%
breath
62%
deep
62%
show
62%
closer"
59%
please,
59%
wrapped
59%
well,
58%
until
57%
drop
51%
bottom's
50%
Huh,
20%
No matching quizzes found
Score Distribution
Percent of People with Each Score
Percentile by Number Answered
Your Score History
You have not taken this quiz